[Event "SIO"]
[Site "Jackpot, NV"]
[Date "2006.11.04"]
[Round "1.4"]
[White "Nahlen, Julie M"]
[Black "Shouse, Donald L"]
[Result "0-1"]
[WhiteElo "784"]
[BlackElo "1211"]

1. e4 e5 2. Nf3 Nc6 3. Nc3 Nf6 4. d3 Bb4 5. Bd2 O-O 6. a3 Bc5 7. Be3 Bxe3 8.
fxe3 d6 9. g3 Ng4 10. Qe2 Be6 11. b3 f5 12. h3 Nh6 13. Nh4 d5 14. Bg2 d4 15.
Nd1 dxe3 16. Qxe3 Qd4 17. Qxd4 Nxd4 18. Ne3 f4 19. Nd5 Nxc2+ 20. Kd2 Nxa1 21.
Rxa1 Rac8 22. Ne7+ Kh8 23. Nxc8 Rxc8 24. gxf4 exf4 25. Rf1 g5 26. Nf3 Nf7 27.
h4 h6 28. hxg5 hxg5 29. Rh1+ Kg7 30. Nd4 Bd7 31. Nf5+ Bxf5 32. exf5 c6 33. Be4
Rd8 34. Rh5 Rd6 35. Ke2 b5 36. Kf2 a5 37. f6+ Kxf6 38. Rh7 c5 39. Ke2 a4 40.
bxa4 bxa4 41. Rh3 Rb6 42. Bd5 Rb2+ 43. Kf3 Ne5+ 44. Ke4 Re2+ 45. Re3 fxe3 46.
Bg8 Ng6 47. Kf3 Nf4 48. Bc4 Re1 49. Bb5 e2 50. Ke3 Rg1 51. d4 e1=Q+ 52. Be2
Qxe2# 0-1

[Event "SIO"]
[Site "Jackpot, NV"]
[Date "2006.11.04"]
[Round "2.3"]
[White "Kennedy, Shane A"]
[Black "Nahlen, John P"]
[Result "1-0"]
[WhiteElo "1623"]
[BlackElo "1368"]

1. e4 e5 2. Nf3 Nc6 3. Bb5 a6 4. Ba4 Bc5 5. O-O d6 6. c3 Nf6 7. d4 exd4 8.
cxd4 b5 9. dxc5 bxa4 10. Qxa4 Bd7 11. cxd6 Ne5 12. Qa3 cxd6 13. Bg5 O-O 14.
Rd1 h6 15. Bxf6 Qxf6 16. Nxe5 Qxe5 17. Qxd6 Qxb2 18. Nc3 Qxc3 19. Qxd7 Rad8
20. Qxd8 Rxd8 21. Rxd8+ Kh7 22. Rdd1 Kg6 23. h3 Qe5 24. a4 f6 25. f3 Qc5+ 26.
Kh1 Qe3 27. Rd5 h5 28. Rad1 Kh6 29. a5 g6 30. Rd6 Kg5 31. Rxa6 Kh4 32. Rxf6 g5
33. Rfd6 Kg3 34. R6d2 Qa3 35. Rd5 Qe3 36. a6 Kh4 37. Rd7 Qe2 38. Kh2 Qxa6 39.
g3# 1-0

[Event "SIO"]
[Site "Jackpot, NV"]
[Date "2006.11.04"]
[Round "2.4"]
[White "Watson, John"]
[Black "Nahlen, Julie M"]
[Result "1-0"]
[WhiteElo "1479"]
[BlackElo "784"]

1. e4 e5 2. Nf3 Nc6 3. d4 f6 4. dxe5 fxe5 5. Bc4 Nh6 6. Nc3 d6 7. O-O Ng4 8.
Ng5 Qf6 9. Nd5 Qh6 10. h3 Kd7 11. Qxg4+ Ke8 12. Nxc7+ Kd8 13. Nge6+ Qxe6 14.
Nxe6+ Bxe6 15. Bg5+ Be7 16. Bxe7+ Nxe7 17. Bxe6 Kc7 18. Rfd1 g6 19. Rd3 h5 20.
Rc3+ Kb6 21. Qf3 Nc6 22. Qe3+ Nd4 23. Rd1 Rhe8 24. Rxd4 a5 25. Rxd6+ {#r} 1-0

[Event "SIO"]
[Site "Jackpot, NV"]
[Date "2006.11.04"]
[Round "3.4"]
[White "Nahlen, John P"]
[Black "Nahlen, Julie M"]
[Result "1-0"]
[WhiteElo "1368"]
[BlackElo "784"]

1. e4 e5 2. Nf3 Nc6 3. Bc4 h6 4. c3 Nf6 5. d3 d6 6. Qb3 Be6 7. Bxe6 fxe6 8.
Qxe6+ Be7 9. Nh4 Qd7 10. Qb3 Ng4 11. Ng6 Rh7 12. Qg8+ Bf8 13. Qxf8# 1-0

[Event "SIO"]
[Site "Jackpot, NV"]
[Date "2006.11.05"]
[Round "4.4"]
[White "Nahlen, John P"]
[Black "Shouse, Donald L"]
[Result "1-0"]
[WhiteElo "1368"]
[BlackElo "1211"]

1. e4 e5 2. Nf3 Nc6 3. Bc4 h6 4. c3 Nf6 5. d3 Bc5 6. Nh4 d6 7. Nd2 Ng4 8. Ndf3
Nxf2 9. Qb3 Qe7 10. Rf1 Ng4 11. Bd2 Bb6 12. O-O-O Na5 13. Qa4+ Bd7 14. Bb5 c6
15. Bc4 O-O-O 16. b4 Nxc4 17. dxc4 a6 18. Kb2 g6 19. g3 Kb8 20. Ng2 c5 21. Qb3
cxb4 22. cxb4 Rc8 23. a4 Be6 24. Rc1 Qd7 25. Rc2 Rc7 26. Rfc1 Rhc8 27. h3 Nf6
28. Bxh6 Nxe4 29. g4 f6 30. b5 a5 31. Be3 Bc5 32. b6 Rc6 33. Bxc5 Nxc5 34. Qb5
Na6 35. Qxa5 Rxc4 36. Rxc4 Bxc4 37. Ne3 d5 38. g5 Qxh3 39. Nxc4 dxc4 40. Rc3
Rc5 41. Nd4 exd4 42. Rxh3 Rxa5 43. Rh8# 1-0

[Event "SIO"]
[Site "Jackpot, NV"]
[Date "2007.11.10"]
[Round "2.5"]
[White "Gorsuch, Tyler A"]
[Black "Hoskins, Jace H"]
[Result "0-1"]
[WhiteElo "487"]
[BlackElo "1175"]

1. e4 e5 2. Nf3 Nc6 3. Bb5 Nf6 4. Nc3 Bc5 5. d3 O-O 6. Bg5 a6 7. Bxc6 dxc6 8.
Nxe5 Bxf2+ 9. Kxf2 Qd4+ 10. Ke1 Qxe5 11. Qf3 Ng4 12. h3 Qxg5 13. hxg4 Bxg4 14.
Qg3 Qg6 15. e5 f5 16. Rh4 b5 17. Kf1 b4 18. Ne2 Bxe2+ 19. Kf2 Bg4 20. Rhh1 h6
21. Qf4 Kh7 22. e6 Rae8 23. Rhe1 Rxe6 24. Rxe6 Qxe6 25. Qxc7 Qe2+ 26. Kg1 Qe1+
27. Kh2 Qh4+ 28. Kg1 Re8 {#R} 0-1

[Event "SIO"]
[Site "Twin Falls, ID"]
[Date "2009.11.14"]
[Round "1.13"]
[White "Ellis, Chris Joseph Daryl"]
[Black "Patterson, Emily N"]
[Result "0-1"]
[WhiteElo "742"]
[BlackElo "1483"]

1. e4 e6 2. Nc3 c5 3. d4 Nc6 4. d5 Nd4 5. Nf3 Qf6 6. e5 Nxf3+ 7. Qxf3 Qxe5+ 8.
Qe3 Qxe3+ 9. Bxe3 exd5 10. Nxd5 Bd6 11. O-O-O Ne7 12. Nxe7 Kxe7 13. Re1 Kd8
14. Bc4 f5 15. Rd1 Kc7 16. Rd5 g6 17. Bxc5 Bxc5 18. Rxc5+ Kb6 19. Rb5+ Kc6 20.
Rd1 b6 21. a4 Kc7 22. a5 Ba6 23. Rb4 Bb7 24. axb6+ axb6 25. c3 Ra1+ 26. Kc2
Rxd1 27. Kxd1 Bxg2 28. Bb5 Re8 29. Rc4+ Bc6 30. b4 Kb7 31. Bxc6+ dxc6 32. Rd4
Kc7 33. f3 Re3 34. Rh4 h5 35. Rh3 Rxc3 36. Rg3 Rd3+ 37. Kc2 Rd6 38. Kc3 b5 39.
f4 Kb6 40. h4 c5 41. bxc5+ Kxc5 42. Kb3 b4 43. Kc2 Kc4 44. Kb2 Kd4 45. Rg2 Ke3
46. Rg3+ Kxf4 47. Rb3 Rd4 48. Rh3 Kg4 49. Rh1 Kg3 50. Rg1+ Kxh4 51. Rxg6 Rg4
{#R} 0-1

[Event "SIO"]
[Site "Twin Falls, ID"]
[Date "2009.11.14"]
[Round "1.14"]
[White "Kett, Erwin"]
[Black "Simonson, Jay L"]
[Result "1-0"]
[WhiteElo "1428"]
[BlackElo "621"]

1. e4 e5 2. Nf3 Bc5 3. Nxe5 Qf6 4. d4 Bb6 5. c3 d6 6. Ng4 Bxg4 7. Qxg4 Nh6 8.
Qg5 Qxg5 9. Bxg5 f6 10. Bxh6 gxh6 11. h3 Nd7 12. Be2 O-O-O 13. Bg4 Rhe8 14.
Bf5 Re7 15. Nd2 h5 16. Nc4 Kb8 17. a4 c5 18. d5 Nf8 19. a5 Bc7 20. O-O a6 21.
Ra3 Ng6 22. g3 Rde8 23. f3 Ne5 24. Nb6 Bxb6 25. axb6 Nc4 26. Ra2 Nxb6 27. b3
h6 28. Rb1 Rg7 29. Kg2 Reg8 30. g4 hxg4 31. fxg4 Nd7 32. b4 c4 33. Be6 Rh8 34.
Bxd7 Rxd7 35. b5 h5 36. bxa6 Ka7 37. axb7+ Kb8 38. Ra8+ Kc7 39. Rxh8 {#r} 1-0

[Event "SIO"]
[Site "Twin Falls, ID"]
[Date "2009.11.14"]
[Round "2.12"]
[White "Uriarte, Andrew"]
[Black "Viveros SE, Christopher Juan"]
[Result "1/2-1/2"]
[WhiteElo "1202"]
[BlackElo "816"]

1. e4 e5 2. Nf3 Bd6 3. d3 c5 4. b3 Nc6 5. Be2 Nf6 6. Nbd2 Be7 7. Bb2 Nd4 8.
Nxe5 d6 9. Bxd4 cxd4 10. Nef3 Qb6 11. Nc4 Qc5 12. Qd2 b6 13. Nb2 Bg4 14. Na4
Qc8 15. Nxd4 Bxe2 16. Qxe2 O-O 17. Nf5 Qe6 18. f4 Nd7 19. Qg4 Bf6 20. Rd1 b5
21. Nc3 Bxc3+ 22. Ke2 Bd4 23. e5 g6 24. Nh6+ Kg7 25. Qxe6 fxe6 26. Ng4 h5 27.
Ne3 Rxf4 28. exd6 Bc5 29. c4 b4 30. Rdf1 Bxd6 31. g3 Rd4 32. Rf2 Rf8 33. Rg1
Ne5 34. Rxf8 Kxf8 35. Rf1+ Kg7 36. Rc1 Nxd3 37. Rd1 Nf4+ 38. gxf4 Rxd1 39.
Kxd1 Bxf4 40. Nf1 Kf6 41. Ke2 Kf5 42. Kf3 g5 43. Ng3+ Kg6 44. h3 h4 45. Ne2
Be5 46. Kg4 Kh6 47. Nc1 Bg3 48. Ne2 Be5 49. Ng1 Bf4 50. Ne2 Be5 51. Ng1 Bf4
52. Ne2 Be3 53. Kf3 Bc5 54. Nc1 Kg6 55. Nd3 {#d} 1/2-1/2

[Event "SIO"]
[Site "Twin Falls, ID"]
[Date "2009.11.14"]
[Round "2.14"]
[White "Ye, Michael"]
[Black "Ellis, Chris Joseph Daryl"]
[Result "1-0"]
[WhiteElo "1159"]
[BlackElo "742"]

1. e4 d6 2. d4 c6 3. Nf3 Nf6 4. Nc3 d5 5. e5 Ne4 6. Nxe4 dxe4 7. Ng5 f6 8.
Nxe4 fxe5 9. Qh5+ g6 10. Qxe5 Nd7 11. Qxh8 Nf6 12. Nxf6+ exf6 13. Qxh7 Qxd4
14. Qxg6+ Kd8 15. Qd3 c5 16. Qxd4+ cxd4 17. Bd3 f5 18. h4 Bg7 19. h5 Be6 20.
Bf4 Kd7 21. a3 Re8 22. Bb5+ Ke7 23. Bxe8 Kxe8 24. O-O-O a5 25. Rde1 Kf7 26. h6
Bh8 27. Be5 Bxe5 28. Rxe5 Kg8 29. Rxe6 d3 30. h7+ Kh8 31. Re8+ Kg7 32. h8=Q+
Kg6 33. Rf8 dxc2 34. Qh6# 1-0

[Event "SIO"]
[Site "Twin Falls, ID"]
[Date "2009.11.15"]
[Round "3.10"]
[White "Bruck, Nick Jon"]
[Black "Patterson, Emily N"]
[Result "0-1"]
[WhiteElo "1126"]
[BlackElo "1483"]

1. e4 e6 2. d4 d5 3. e5 c5 4. c4 Nc6 5. Nf3 Qb6 6. b3 cxd4 7. a3 dxc4 8. Bxc4
Nxe5 9. Nxe5 Qa5+ 10. Qd2 Qxe5+ 11. Be2 d3 12. Qxd3 Qxa1 13. O-O Qe5 14. Qb5+
Qxb5 15. Bxb5+ Bd7 16. Bxd7+ Kxd7 17. Nc3 Nf6 18. Nb5 a6 19. Rd1+ Nd5 20. Nc3
Kc6 21. Nxd5 exd5 22. b4 b5 23. Bf4 Bd6 24. Bxd6 Kxd6 25. g3 Rhe8 26. Kg2 Rac8
27. h4 Re2 28. Rd4 Rc4 29. Rd3 f5 30. Kf3 Rcc2 31. Kf4 Rxf2+ 32. Kg5 Rc4 33.
a4 Rxb4 34. axb5 axb5 35. Kh5 g6+ 36. Kh6 Rg4 37. h5 Rh2 38. Rd1 Rxh5+ 39. Kg7
Rxg3 40. Kf6 Re3 41. Kf7 f4 42. Kf6 Rf5+ 43. Kg7 f3 44. Kh6 f2 45. Kg7 Re1 46.
Rd3 f1=Q 47. Rh3 Qxh3 48. Kh8 Qc3+ 49. Kxh7 Rh1+ 50. Kg8 Rh8# 0-1

[Event "SIO"]
[Site "Twin Falls, ID"]
[Date "2009.11.15"]
[Round "3.13"]
[White "Viveros SE, Christopher Juan"]
[Black "Patterson, Kevin R"]
[Result "0-1"]
[WhiteElo "816"]
[BlackElo "1209"]

1. e4 c6 2. c4 Nf6 3. d3 h6 4. Nc3 d6 5. g3 Bg4 6. Be2 Bxe2 7. Ngxe2 e6 8. Nf4
Nbd7 9. Qb3 Qb6 10. Qxb6 Nxb6 11. O-O O-O-O 12. a4 e5 13. a5 exf4 14. axb6
axb6 15. Ra8+ Kc7 16. Rxd8 Kxd8 17. Bxf4 g5 18. Be3 Nd7 19. Ra1 Kc7 20. Ra8
Bg7 21. Rxh8 Bxh8 22. Na4 c5 23. Nc3 Bxc3 24. bxc3 Ne5 25. f4 gxf4 26. Bxf4
Nxd3 27. Bxh6 Ne5 28. h4 Kd7 29. Bg7 Ke7 30. h5 f6 31. h6 Kf7 32. Kg2 Kg6 33.
Bf8 Nxc4 34. Kf3 Ne5+ 35. Ke3 b5 36. Bxd6 Nc4+ 37. Kf4 Nxd6 38. e5 fxe5+ 39.
Kxe5 Nc4+ 40. Kd5 Kxh6 41. Ke4 b4 42. cxb4 cxb4 43. Kd3 b3 44. Kc3 b2 45. Kc2
Kg5 46. Kb1 Kg4 47. Kc2 Kxg3 48. Kb1 Kf3 49. Kc2 Ke3 50. Kb1 Kd4 51. Kc2 Kc5
52. Kb1 Kb4 53. Kc2 Ka3 54. Kb1 Nd2+ 55. Kc2 b1=Q+ {#R} 0-1

[Event "SIO"]
[Site "Twin Falls, ID"]
[Date "2009.11.15"]
[Round "3.14"]
[White "Ellis, Chris Joseph Daryl"]
[Black "Patterson, Katie Rae"]
[Result "1-0"]
[WhiteElo "742"]
[BlackElo "1014"]

1. e4 e5 2. Nf3 Nc6 3. d4 exd4 4. Nxd4 Nf6 5. Nxc6 bxc6 6. e5 Nd5 7. Bc4 Bb7
8. Qf3 Qe7 9. Bf4 d6 10. Bxd5 cxd5 11. Qe3 dxe5 12. Bxe5 Rd8 13. c3 c5 14. O-O
Qe6 15. Re1 Be7 16. Bxg7 Rg8 17. Qxe6 fxe6 18. Bh6 d4 19. g3 dxc3 20. Nxc3 Rg6
21. Bf4 Bh4 22. Nb5 Kf8 23. Bd6+ Be7 24. Bxe7+ Kxe7 25. Nxa7 Rg5 26. h4 Rgd5
27. Nb5 c4 28. Nc7 R5d6 29. g4 Rc8 30. Nb5 Rb6 31. a4 Ke8 32. Rad1 Rcc6 33. f4
Kf7 34. Rd7+ Kf6 35. Rxh7 Rc5 36. Nd4 e5 37. Rh6+ Kf7 38. Rxb6 Bf3 39. Nxf3
exf4 40. g5 Rc7 41. Ne5+ Kg7 42. h5 c3 43. bxc3 Rxc3 44. Nc4 Rg3+ 45. Kh2 Rxg5
46. Re7+ Kf8 47. Rc7 Ke8 48. Rb8# 1-0

[Event "SIO"]
[Site "Twin Falls, ID"]
[Date "2009.11.15"]
[Round "3.15"]
[White "Proferes, Aaron"]
[Black "Simonson, Jay L"]
[Result "0-1"]
[WhiteElo "845"]
[BlackElo "621"]

1. e4 e5 2. Nf3 Nc6 3. Bb5 Bc5 4. Bxc6 dxc6 5. Nxe5 Qf6 6. Nd3 Bb6 7. Nc3 Bd7
8. e5 Qf5 9. Qe2 O-O-O 10. O-O Nh6 11. Na4 Bd4 12. c3 Bxe5 13. Qxe5 Qxd3 14.
Qxg7 Qd6 15. b4 Rdg8 16. Qd4 Qxd4 17. cxd4 Bh3 18. d3 Rxg2+ 19. Kh1 Rg6 20.
Bxh6 Bg2+ 21. Kg1 Bf3+ 22. Bg5 Rxg5# 0-1

[Event "SIO"]
[Site "Twin Falls, ID"]
[Date "2009.11.15"]
[Round "4.9"]
[White "Patterson, Kevin R"]
[Black "Kett, Erwin"]
[Result "1/2-1/2"]
[WhiteElo "1209"]
[BlackElo "1428"]

1. e4 e5 2. d4 d5 3. dxe5 dxe4 4. Qxd8+ Kxd8 5. Bc4 Be6 6. Bxe6 fxe6 7. Nc3
Bb4 8. Bf4 h6 9. O-O-O+ Ke7 10. Nxe4 Nc6 11. c3 Ba5 12. h4 Rd8 13. Rxd8 Kxd8
14. Nc5 Kc8 15. Nxe6 g6 16. Nf3 Bb6 17. Nfd4 Nxd4 18. Nxd4 Bxd4 19. cxd4 Ne7
20. Bd2 h5 21. f4 Nf5 22. Bc3 Rf8 23. Rh3 Kd7 24. Kd2 Ke6 25. Kd3 Kd5 {#d}
1/2-1/2

[Event "SIO"]
[Site "Twin Falls, ID"]
[Date "2009.11.15"]
[Round "4.13"]
[White "Ye, Michael"]
[Black "Bruck, Nick Jon"]
[Result "1-0"]
[WhiteElo "1159"]
[BlackElo "1126"]

1. e4 e5 2. Nf3 Nf6 3. Nxe5 Nxe4 4. Qe2 d5 5. d3 Qe7 6. dxe4 Qxe5 7. exd5 Bd6
8. Qxe5+ Bxe5 9. Bd3 c6 10. dxc6 Nxc6 11. O-O O-O 12. Re1 Re8 13. Nc3 Bxh2+
14. Kf1 Rxe1+ 15. Kxe1 Be6 16. g3 Re8 17. Be3 Ne5 18. Be4 b6 19. Ke2 Bg4+ 20.
f3 Bh5 21. Rh1 Nxf3 22. Bxf3 Bxf3+ 23. Kxf3 Bxg3 24. Rg1 Be5 25. Rd1 h6 26.
Rd7 Bxc3 27. bxc3 Rc8 28. Bd4 a6 29. Rd6 b5 30. Rxa6 b4 31. cxb4 Rxc2 32. b5
Kh7 33. b6 Rc8 34. Ra7 g5 35. Rxf7+ Kg6 36. Rf6+ Kh5 37. Be5 g4+ 38. Kf4 Rc4+
39. Kf5 Rb4 40. a4 Rb3 41. Bf4 Rxb6 42. Rxb6 g3 43. Rxh6# 1-0

[Event "SIO"]
[Site "Twin Falls, ID"]
[Date "2009.11.15"]
[Round "4.15"]
[White "Patterson, Katie Rae"]
[Black "Viveros SE, Christopher Juan"]
[Result "1-0"]
[WhiteElo "1014"]
[BlackElo "816"]

1. c4 c5 2. Nc3 g6 3. Nf3 Bg7 4. g3 Bxc3 5. bxc3 Nf6 6. Bg2 d6 7. O-O Be6 8.
d3 d5 9. cxd5 Nxd5 10. c4 Nc3 11. Qc2 Qa5 12. Bb2 Nxe2+ 13. Qxe2 O-O 14. Qe5
f6 15. Qxe6+ Rf7 16. Qc8+ Rf8 17. Qxb7 Na6 18. Qxe7 Rf7 19. Qe6 Qb6 20. Qxb6
axb6 21. Ne5 {#r} 1-0

[Event "SIO (Reserve)"]
[Site "Twin Falls, ID"]
[Date "2010.11.13"]
[Round "1.4"]
[White "Simonson, Jay L"]
[Black "Patterson, Kevin R"]
[Result "0-1"]
[WhiteElo "657"]
[BlackElo "1243"]

1. e4 c6 2. Nf3 d5 3. exd5 cxd5 4. d4 Bf5 5. Bb5+ Nc6 6. Nc3 a6 7. Bxc6+ bxc6
8. O-O e6 9. Bf4 Bd6 10. Ne5 Bxe5 11. Bxe5 h6 12. Bxg7 Rh7 13. Be5 Qg5 14. g3
h5 15. h4 Qg6 16. Ne2 Rc8 17. c3 Bh3 18. Nf4 Qg4 19. Qxg4 hxg4 20. Rfe1 Kd7
21. Nxh3 gxh3 22. Kh2 Ne7 23. Rac1 Rg8 24. Re3 Nf5 25. Rf3 Nh6 26. Rg1 Rg4 27.
a4 Re4 28. Rf4 Re2 29. b4 Rc2 30. Kxh3 Rxc3 31. Bb8 Rc4 32. Rc1 Rxc1 33. Kg2
Rc4 34. b5 cxb5 35. axb5 axb5 36. Ba7 Rh8 37. Rf6 Ra8 38. Rxh6 Rxa7 39. Rh7
Ke7 40. Rg7 Rxd4 41. Rg5 b4 42. h5 b3 43. h6 Ra8 44. h7 Rh8 45. Rg8 Rxh7 46.
Rb8 Rd3 47. Rb7+ Kf6 48. Rb5 Rh8 49. Rb4 Rc8 50. Rf4+ Ke7 51. Rb4 Rc2 52. Rb7+
Kf6 53. Rb6 b2 54. Rb5 Rd1 55. Rb4 b1=Q 56. Rxb1 Rxb1 57. Kh3 Rxf2 {#R} 0-1

[Event "SIO (Reserve)"]
[Site "Twin Falls, ID"]
[Date "2010.11.13"]
[Round "2.4"]
[White "Patterson, Katie Rae"]
[Black "Simonson, Jay L"]
[Result "1-0"]
[WhiteElo "956"]
[BlackElo "657"]

1. e4 c5 2. Nc3 Nf6 3. Bc4 d6 4. Nf3 Bg4 5. O-O Nc6 6. h3 Bh5 7. d3 Qd7 8. Be3
O-O-O 9. Re1 e5 10. Rb1 h6 11. a3 g5 12. b4 g4 13. hxg4 Bxg4 14. bxc5 d5 15.
exd5 Nxd5 16. Nxd5 Rg8 17. Nf6 Be7 18. Nxd7 Rxd7 19. Bxf7 Rg7 20. Bc4 Bh3 21.
g3 Bh4 22. Kh2 Bg5 23. Bxg5 hxg5 24. Bb5 Bg4 25. Bxc6 Rh7+ 26. Kg2 bxc6 27.
Rh1 Rxh1 28. Qxh1 Kc7 29. Nxe5 Bf3+ 30. Nxf3 g4 31. Ne5 Rd5 32. Qh7+ {#r} 1-0

[Event "SIO (Reserve)"]
[Site "Twin Falls, ID"]
[Date "2010.11.13"]
[Round "3.1"]
[White "Patterson, Kevin R"]
[Black "Ness, Kevin D"]
[Result "0-1"]
[WhiteElo "1243"]
[BlackElo "1290"]

1. e4 e5 2. d4 exd4 3. c3 dxc3 4. Bc4 cxb2 5. Bxb2 Nf6 6. e5 Bb4+ 7. Nc3 Ne4
8. Qd5 Bxc3+ 9. Bxc3 Ng5 10. Nf3 Nxf3+ 11. Qxf3 Qe7 12. e6 dxe6 13. O-O f6 14.
Rfe1 e5 15. Qg3 Nc6 16. Bd5 Bd7 17. Bxc6 Bxc6 18. Bxe5 O-O-O 19. Bc3 Qc5 20.
Rac1 Qd5 21. h3 Qg5 22. Qxg5 fxg5 23. Bxg7 Rhg8 24. Re7 Rd7 25. Rce1 Rxg7 26.
R7e3 Rd2 27. a3 h5 28. Re6 g4 29. h4 g3 30. f3 Kd7 31. Rh6 Re7 32. Rc1 Ree2
33. Rh7+ Ke6 34. Rh6+ Kf7 {#R} 0-1

[Event "SIO (Reserve)"]
[Site "Twin Falls, ID"]
[Date "2010.11.13"]
[Round "4.1"]
[White "Ness, Kevin D"]
[Black "Bruck, Nick Jon"]
[Result "0-1"]
[WhiteElo "1290"]
[BlackElo "1097"]

1. e4 d5 2. exd5 Nf6 3. Nc3 Nxd5 4. Qf3 Nb4 5. Qd1 Bf5 6. d3 N8c6 7. a3 Nd5 8.
Nxd5 Qxd5 9. Qf3 Qe5+ 10. Qe3 Qxe3+ 11. Bxe3 Rd8 12. Nf3 e5 13. g3 e4 14. dxe4
Bxe4 15. Bg2 Bxc2 16. O-O Be4 17. Rfe1 Be7 18. Bf4 Bxf3 19. Bxf3 Nd4 20. Bd1
Rd7 21. Rc1 c6 22. Be5 f6 23. Bxd4 Rxd4 24. Bb3 Rd2 25. Re3 Kd8 26. Rce1 Bc5
27. Rc3 Rxb2 28. Rd3+ Kc7 29. Kg2 Bxf2 30. Re7+ Kb6 31. Kf1 Bc5 32. Rxg7 Rxh2
33. Bc4 Rf2+ 34. Ke1 Re8+ 35. Kd1 Re3 36. Rxe3 Bxe3 37. Rxh7 Bg5 38. Be2 Rg2
39. g4 Rg3 40. Rd7 Rxa3 41. Kc2 Ra2+ 42. Kd1 a5 43. Bc4 Ra1+ 44. Kc2 Rc1+ 45.
Kb3 a4+ {#R} 0-1

[Event "SIO (Reserve)"]
[Site "Twin Falls, ID"]
[Date "2010.11.13"]
[Round "4.6"]
[White "Whitlock, Jake"]
[Black "Simonson, Jay L"]
[Result "1-0"]
[WhiteElo "218"]
[BlackElo "657"]

1. d4 d5 2. e3 Nc6 3. Bd3 e5 4. Nf3 exd4 5. Nxd4 Ne5 6. Bb5+ Bd7 7. Bxd7+ Qxd7
8. Nc3 Bb4 9. e4 dxe4 10. Qh5 Qxd4 11. Bg5 g6 12. Qh4 Bxc3+ 13. Kf1 Bxb2 14.
Re1 Qc4+ 15. Re2 Rd8 16. Bxd8 Nc6 17. f3 Nxd8 18. Ke1 Ne7 19. Qg4 Bc3+ 20. Kf2
Qd4+ 21. Re3 Qd2+ 22. Re2 Bd4+ 23. Kf1 Qc3 24. Qxe4 Bc5 25. Rg1 Qa1+ 26. Re1
Qc3 27. h3 Bxg1 28. Qxe7# 1-0

[Event "SIO (Extra)"]
[Site "Twin Falls, ID"]
[Date "2011.11.12"]
[Round "0"]
[White "Jaramillo, Tyler"]
[Black "Simonson, Jay L"]
[Result "1-0"]
[WhiteElo "1015"]
[BlackElo "627"]

{(In Round 1, Jay Simonson took a half point bye and played this unrated game
against Tyler Jaramillo (who was not part of the tournament). It is included
here for completeness.)} 1. e4 e5 2. Nf3 Nc6 3. Bb5 Nf6 4. Nc3 Bc5 5. Bxc6
dxc6 6. Nxe5 O-O 7. O-O Be6 8. d3 Bd4 9. Bf4 c5 10. Na4 b6 11. Nc6 Qd7 12.
Nxd4 Qxd4 13. Nc3 c6 14. Be3 Qb4 15. Rb1 Qa5 16. a3 Rfd8 17. f4 Ng4 18. Qd2 c4
19. f5 cxd3 20. cxd3 Bb3 21. h3 Nxe3 22. Qxe3 Bc2 23. Rbc1 Bxd3 24. Rf3 Rd6
25. e5 Rd7 26. f6 Re8 27. Rg3 g6 28. Qh6 Qc5+ 29. Kh2 Qf8 30. Qf4 Red8 31. Re1
Rd4 32. Qf2 Rh4 33. e6 Bc4 34. e7 Qh6 35. exd8=Q+ Qf8 36. Re8 {#r} 1-0

[Event "SIO (Open)"]
[Site "Twin Falls, ID"]
[Date "2011.11.12"]
[Round "3.3"]
[White "Barney, Kim"]
[Black "Kirk, Patrick T"]
[Result "0-1"]
[WhiteElo "1677"]
[BlackElo "1640"]

1. e4 c5 2. d4 cxd4 3. Nf3 g6 4. Qxd4 f6 5. Bb5 Nc6 6. Bxc6 bxc6 7. c3 Bg7 8.
Be3 Nh6 9. h3 O-O 10. O-O Nf7 11. Qd2 Nd6 12. Qd3 a5 13. Re1 Ba6 14. Qc2 Rb8
15. b3 f5 16. exf5 Nxf5 17. Bf4 Nd4 18. Nxd4 Rxf4 19. Rd1 Qb6 20. Nf3 Qc7 21.
Nbd2 Rbf8 22. Re1 d5 23. Rad1 e5 24. c4 e4 25. Nxe4 dxe4 26. Rxe4 c5 27. Rde1
Bb7 28. Re7 Qc8 29. Qd1 Bxf3 30. gxf3 Bd4 31. R1e6 Qd8 32. Qc2 Bf6 33. Rb7 Qd4
34. Kg2 Rxf3 35. Re2 Bh4 36. Rb6 Rxf2+ 37. Kh1 Qa1+ {#R} 0-1

[Event "SIO (Reserve)"]
[Site "Twin Falls, ID"]
[Date "2011.11.12"]
[Round "1.1"]
[White "Patterson, Katie Rae"]
[Black "Ness, Kevin D"]
[Result "1/2-1/2"]
[WhiteElo "911"]
[BlackElo "1304"]

1. c4 e5 2. Nc3 Nf6 3. g3 c6 4. Bg2 d5 5. b3 Bf5 6. e3 e4 7. Nge2 Nbd7 8. O-O
Ne5 9. Nd4 Bg6 10. f3 exf3 11. Nxf3 Bd3 12. Re1 Bd6 13. cxd5 cxd5 14. Nxe5
Bxe5 15. Ba3 Qa5 16. Qc1 Rc8 17. Qb2 Bxc3 18. dxc3 Qxc3 19. Qxc3 Rxc3 20. Rac1
Rc2 21. Bh3 Rc6 22. Rxc6 bxc6 23. Rc1 Bb5 24. Bb4 Kd8 25. Ba5+ Ke7 26. Bb4+
Kd8 27. Ba5+ {#d} 1/2-1/2

[Event "SIO (Reserve)"]
[Site "Twin Falls, ID"]
[Date "2011.11.12"]
[Round "2.3"]
[White "Simonson, Jay L"]
[Black "Patterson, Katie Rae"]
[Result "1/2-1/2"]
[WhiteElo "627"]
[BlackElo "911"]

1. e4 e5 2. Nf3 Nc6 3. Nc3 Nf6 4. Bc4 Bb4 5. Bxf7+ Kxf7 6. Ng5+ Ke8 7. Qf3 Nd4
8. Qd3 Ng4 9. O-O Qxg5 10. Qc4 c6 11. d3 Qh5 12. h3 Nf6 13. Rb1 Bxc3 14. Qxc3
d6 15. Be3 Qg6 16. Bxd4 Bxh3 17. g3 Bxf1 18. Kxf1 exd4 19. Qxd4 Ng4 20. Re1
Nh2+ 21. Kg2 Ng4 22. Re2 Qh6 23. Kf3 Nh2+ 24. Kg2 Ng4 25. Kf3 Nh2+ {#d}
1/2-1/2

[Event "SIO (Reserve)"]
[Site "Twin Falls, ID"]
[Date "2015.11.14"]
[Round "1.2"]
[White "Nyblade III, Wesley"]
[Black "Van Law, Quentin"]
[Result "1-0"]
[WhiteElo "1204"]
[BlackElo "338"]
[EventRounds "4"]
[EventCountry "USA"]

1. d4 d5 2. Nc3 Nc6 3. Bf4 e6 4. Nf3 Bb4 5. e3 Bxc3+ 6. bxc3 Nf6 7. c4 O-O 8.
cxd5 Nxd5 9. Bd3 Qf6 10. Be5 Nxe5 11. Nxe5 Qg5 12. O-O b6 13. Nf3 Qg6 14. Bxg6
hxg6 15. c4 Nc3 16. Qd3 Na4 17. e4 Ba6 18. Ne5 Rfd8 19. Nc6 Rd6 20. Ne7+ Kh7
21. Qh3# 1-0

[Event "SIO (Reserve)"]
[Site "Twin Falls, ID"]
[Date "2015.11.14"]
[Round "2.2"]
[White "Catangcatang, Levi"]
[Black "Nyblade III, Wesley"]
[Result "0-1"]
[WhiteElo "778"]
[BlackElo "1204"]
[EventRounds "4"]
[EventCountry "USA"]

1. e4 d6 2. Nf3 Nd7 3. d4 g6 4. c3 Bg7 5. Bf4 b6 6. d5 Bb7 7. Nbd2 Ngf6 8. Nc4
O-O 9. e5 Nxd5 10. exd6 Nxf4 11. Qd2 Bh6 12. g3 Ng2+ 13. Kd1 Bxd2 14. Kxd2
Bxf3 15. Rg1 exd6 16. Kc2 Re8 17. Nd2 Ne1+ 18. Kb3 Nc5+ 19. Kb4 Nc2+ 20. Kc4
Nxa1 21. Nxf3 Re4+ 22. Kd5 Rc8 23. Nd4 c6+ 24. Nxc6 Qg5+ 25. Kxd6 Re6# 0-1

[Event "SIO (Reserve)"]
[Site "Twin Falls, ID"]
[Date "2015.11.14"]
[Round "3.2"]
[White "Nyblade III, Wesley"]
[Black "Shepard, River"]
[Result "1-0"]
[WhiteElo "1204"]
[BlackElo "553"]
[EventRounds "4"]
[EventCountry "USA"]

1. d4 d5 2. Nc3 e6 3. Bf4 c5 4. dxc5 Bxc5 5. e4 Nf6 6. exd5 exd5 7. Bg5 h6 8.
Bxf6 Qxf6 9. Nf3 d4 10. Ne4 Qe7 11. Qe2 O-O 12. O-O-O Nc6 13. Nxc5 Qxc5 14.
Qe4 Bf5 15. Qe2 Rfe8 16. Qc4 Qd6 17. Nxd4 Nxd4 18. Qxd4 Qc6 19. Bd3 Bxd3 20.
Qxd3 Qxg2 21. Rhg1 Qxh2 22. Qd4 g5 23. Rh1 Qg2 24. Rxh6 Rad8 25. Rh8# 1-0